Ruština pro 3. ročník základní školy s třídami s rozšířeným vyučováním jazyků 1. [díl]

Bibliographic Details
Main Authors: Hála, Milan (Author), Kresta, Slavomír (Author)
Format: Book
Language:Czech
PhysicalDescription:341, [2] s. 8°
Published: Praha Státní pedagogické nakladatelství 1990
ISBN:8004248527
Edition:3. vyd.
Series:Učebnice pro základní školy
Subjects:

MARC

LEADER 00000nam a2200000 a 4500
001 vtls001314659
003 SK-MaSNL
005 20260416165113.0
008 251113s1990 xr 0 cze
020 |a 8004248527 
035 |a SNK000267122 
040 |a SNK  |b slo  |c SNK  |e AACR2 
041 0 |a cze 
044 |a CZ 
080 |a 372.880.82(075.2)  |2 1981 
100 1 |a Hála, Milan  |4 aut  |9 445134 
245 1 |a Ruština pro 3. ročník základní školy s třídami s rozšířeným vyučováním jazyků  |n 1. [díl]  |c Milan Hála, Slavomír Kresta, ; il. Eva Průšková 
250 |a 3. vyd. 
260 |a Praha  |b Státní pedagogické nakladatelství  |c 1990 
300 |a 341, [2] s.  |c 8° 
490 1 |a Učebnice pro základní školy 
650 0 7 |a ruština  |2 SNK  |9 1346 
700 1 |a Kresta, Slavomír  |4 aut  |9 445135 
830 0 |a Učebnice pro základní školy  |9 280562 
919 |a 80-04-24852-7 
958 |a RK 
958 |a OND 
999 |c 803045  |d 804975 
952 |t P60, <04>, [BOOK], {604}  |a SNK  |b SNK  |y NEVYP  |7 0  |p 17A0394331  |o snkIC 114436/1 D1  |i snkKIP 3320/90  |0 0  |1 1  |4 0  |d 1997-12-15  |l 0  |r 2005-01-02 00:00:00  |w 2026-02-24 
952 |t P60, <04>, [BOOK], {604}  |a SNK  |b SNK  |y NEVYP  |7 0  |p 17A0394140  |o snkIC 114436/1 D1 príl. 1  |0 0  |1 1  |4 0  |d 2003-09-02  |l 0  |r 2005-01-02 00:00:00  |w 2026-02-24 
952 |t P60, <04>, [BOOK], {604}  |a SNK  |b SNK  |y VYP  |7 0  |o snkIC 114436/1  |i snkKIP 3319/90  |0 0  |1 0  |4 0  |d 1997-12-15  |l 0  |r 2005-01-02 00:00:00  |w 2026-02-24